El punto de vista de la filosofia...educación polimodal(fotocopia) /

Guardado en:
Autor Principal: Guariglia Osvaldo
Formato: Libro
Publicado: Buenos Aires : , 1994
Materias:
Fc
Etiquetas: Agregar Etiqueta
Sin Etiquetas, Sea el primero en etiquetar este registro!
LEADER 00590nam a22002055a 4500
001 CEM.cems008842
005 20060214000000.0
008 130507s1994##################000#0#####d
003 CEMS
082 0 4 |a F370 
100 1 |a Guariglia Osvaldo 
245 1 0 |a El punto de vista de la filosofia...educación polimodal(fotocopia) / 
260 |a Buenos Aires :  |b ,  |c 1994 
300 |a 79-86 
653 |a Didactica de la filosofia 
653 |a Educacion 
653 |a Educacion polimodal 
653 |a Fc 
653 |a Ley federal de educacion 
859 |a CEMS  |b BIB. CEMS - 11 de abril  |h F370  |i 53  |p 1313.44  |t Ej.1